Qué vergüenza / (Record no. 195225)

MARC details
000 -LEADER
campo de control de longitud fija 02318nam a2200397 i 4500
001 - NÚMERO DE CONTROL
campo de control 195225
003 - IDENTIFICADOR DE NÚMERO DE CONTROL
campo de control SpMaBN
005 - FECHA Y HORA DE LA ÚLTIMA TRANSACCIÓN
campo de control 20250708192855.0
008 - DATOS DE LONGITUD FIJA--INFORMACIÓN GENERAL
campo de control de longitud fija 240603s2016 sp 000 j spa
015 ## - NÚMERO DE BIBLIOGRAFÍA NACIONAL
Número de bibliografía nacional MON16
017 ## - NÚMERO DE COPYRIGHT O DE DEPÓSITO LEGAL
Número de copyright o de depósito legal B 14331-2016
Agencia que asigna Oficina Depósito Legal Barcelona
020 ## - NÚMERO INTERNACIONAL ESTÁNDAR DEL LIBRO
Número Internacional Estándar del Libro 9788432229503
035 ## - NÚMERO DE CONTROL DEL SISTEMA
Número de control de sistema (OCoLC)959838202
040 ## - FUENTE DE CATALOGACIÓN
Centro catalogador/agencia de origen SpMaBN
Lengua de catalogación spa
Centro/agencia transcriptor SpMaBN
Normas de descripción rdc
Centro/agencia modificador ES-MaACL
080 ## - NÚMERO DE LA CLASIFICACIÓN DECIMAL UNIVERSAL
Número de la Clasificación Decimal Universal 821.134.2(83)-32"20"
100 ## - ENTRADA PRINCIPAL--NOMBRE DE PERSONA
Nombre de persona Flores, Paulina,
Fechas asociadas al nombre 1988-
Número de control del registro de autoridad o número normalizado XX5636253
9 (RLIN) 236794
Término indicativo de función/relación Autor
240 10 - TÍTULO UNIFORME
Título uniforme Qué vergüenza
245 10 - MENCIÓN DEL TÍTULO
Título Qué vergüenza /
Mención de responsabilidad, etc. Paulina Flores
250 ## - MENCION DE EDICION
Mención de edición Primera Edición: septiembre 2016
260 ## - PUBLICACIÓN, DISTRIBUCIÓN, ETC.
Lugar de publicación, distribución, etc. Barcelona :
Nombre del editor, distribuidor, etc. Seix Barral,
Fecha de publicación, distribución, etc. 2016.
300 ## - DESCRIPCIÓN FÍSICA
Extensión 293 páginas ;
Dimensiones 23 cm
336 ## - TIPO DE CONTENIDO
Término de tipo de contenido Texto (visual)
Fuente isbdcontent
337 ## - TIPO DE MEDIO
Nombre/término del tipo de medio sin mediación
Fuente isbdmedia
338 ## - TIPO DE SOPORTE
Fuente rdacarrier
Nombre/término del tipo de soporte volumen
490 0# - MENCIÓN DE SERIE
Mención de serie Biblioteca breve
520 ## - RESUMEN, ETC.
Sumario, etc. En estos nueve relatos que conforman su primer libro, Paulina Flores entrega una visión despojada, de una sinceridad apabullante, de la vida actual en las ciudades: mujeres que viven en edificios de viviendas; hombres que, al perder su trabajo, revelan los frágiles cimientos que sustentan la familia; jóvenes que trabajan en bibliotecas o en locales de comida rápida, y que recuerdan el día en que perpetraron un pequeño robo, las razones que los llevaron a separarse o aquel instante en que perdieron, definitivamente, la inocencia. Personajes que, al pasar por el tamiz de Paulina Flores, por su extraña mezcla de crudeza y ternura, de transparencia y densidad, sentimos que conocemos desde siempre. Sus historias se expanden y operan por acumulación, pegándose a nuestra piel. Desde allí Paulina Flores observa y, con una madurez admirable, funda un universo literario deslumbrante.
655 #0 - TERMINO DE INDIZACIÓN--GENERO/FORMA
9 (RLIN) 176540
Datos o término principal de género/forma Antologías
852 ## - LOCALIZACIÓN
Ubicación ES-MaACL
Ubicación en estantería Depósito J
Número de control de estantería N-9997
Donativo/Legado Donación: José Lázaro García
Encuadernación Encuadernación Rustica
itemnumber 206144
903 ## - NOMBRE PERSONAL DE DONANTE
9 234219
a Lázaro García, José
e Donante
942 ## - ELEMENTOS DE ENTRADA SECUNDARIOS (KOHA)
Tipo de ítem Koha Libro impreso
Suprimir en OPAC No
Holdings
Estatus retirado Estado de pérdida Fuente del sistema de clasificación o colocación Estado de daño No para préstamo Biblioteca de origen Biblioteca actual Ubicación en estantería Fecha de adquisición Fuente de adquisición Total de préstamos Signatura topográfica completa Código de barras Visto por última vez Precio de reemplazo Tipo de ítem Koha
    Clasificación decimal universal     Biblioteca del Ateneo de Madrid Biblioteca del Ateneo de Madrid Depósito J 07/07/2025 Donación   N-9997 2025-0537 07/07/2025 07/07/2025 Libro impreso